01431 2200229 4500001002100000005001500021035002000036007000300056008004100059020001800100082001200118084001800130100001800148245006900166250001300235260002800248300003200276700001900308700001700327520084100344990001601185INLIS00000000000005620260423102142 a0010-0426000056ta260423 b d ind  a9789790668393 a899.221 a899.221 MAR m0 aMarwah Azmita1 aMom Is My Angel :bKisah mengharukan Sang Bunda /cMarwah Azmita aCet. XVI aBandung :bMizan,c2015 a116 hlm. :bIlus. ;c21 cm.0 aDadan Ramadhan0 aBeby Haryati aBuku Mom is My Angel mengisahkan hubungan penuh kasih antara seorang anak dengan ibunya yang selalu hadir sebagai sosok penyayang dan pelindung. Melalui cerita yang menyentuh, tokoh utama menyadari betapa besar pengorbanan, perhatian, dan cinta yang diberikan oleh seorang ibu dalam kehidupan sehari-hari. Cerita ini menggambarkan berbagai momen kebersamaan yang hangat, serta bagaimana seorang ibu menjadi sumber kekuatan dan inspirasi bagi anaknya. Disajikan dengan ilustrasi yang indah dan bahasa yang sederhana, buku ini menanamkan nilai-nilai kasih sayang, rasa hormat kepada orang tua, serta pentingnya berbakti kepada ibu. Buku ini sangat cocok untuk anak-anak sebagai bacaan yang tidak hanya menghibur, tetapi juga membentuk karakter dan menumbuhkan rasa cinta terhadap keluarga sesuai dengan nilai-nilai moral dan Islami. a00000000064